Vista normal
Vista MARC
Entrada Personal Name
Número de registros utilizados en: 1
001 - CONTROL NUMBER
- control field: 8499
003 - CONTROL NUMBER IDENTIFIER
- control field: OSt
005 - DATE AND TIME OF LATEST TRANSACTION
- control field: 20200806163830.0
008 - FIXED-LENGTH DATA ELEMENTS
- fixed length control field: 200806|| aca||aabn | a|a d
040 ## - CATALOGING SOURCE
- Original cataloging agency: OSt
- Transcribing agency: OSt
100 ## - HEADING--PERSONAL NAME
- Personal name: D´Antonio, Daniel Hugo
670 ## - SOURCE DATA FOUND
- Source citation: Work cat.: (OSt)5980: D´Antonio, Daniel Hugo, autor, El menor ante el delito : , 1978.